Outsourcing personálnych činností v praxi slovenských firiem diplomová práca

Gespeichert in:
Bibliographische Detailangaben
1. Verfasser: Michalíková, Lucia
Körperschaft: Obchodná fakulta EU. Katedra marketingu
Weitere Verfasser: Čihovská, Viera
Format: Buch
Sprache:Slowakisch
Veröffentlicht: Bratislava 2018
Tags: Tag hinzufügen
Keine Tags, Fügen Sie das erste Tag hinzu!

MARC

LEADER 00000nbm a2200000 4500
001 0243375
005 20180817114018.5
041 0 |a slo 
044 |a SK 
245 1 0 |a Outsourcing personálnych činností v praxi slovenských firiem  |b diplomová práca  |c Lucia Michalíková ; školiteľ: Viera Čihovská 
264 1 |a Bratislava  |c 2018 
300 |a 62 s. 
100 1 |a Michalíková, Lucia 
700 1 |a Čihovská, Viera 
710 2 |a Obchodná fakulta EU. Katedra marketingu